Structural nanocrystalline materials : (رقم التسجيلة. 22319)

تفاصيل مارك
000 -الفاتح
حقل البيانات ثابتة الطول 01469cam a22003617a 4500
001 - رقم الضبط
رقم الضبط 14992328
003 - محدد رقم الضبط
رقم الضبط OSt
005 - وقت وتاريخ اخر تعامل مع التسجيلة
رقم الضبط 20150408114025.0
008 - عناصر البيانات ثابتة الطول - معلومات عامة
حقل البيانات ثابتة الطول 070904s2007 enka b 001 0 eng d
010 ## - رقم ضبط مكتبة الكونجرس
رقم ضبط مكتبة الكونجرس 2007276521
015 ## - رقم الببليوجرافية الوطنية
رقم الببليوجرافية الوطنية GBA704439
المصدر bnb
016 7# - رقم ضبط الوكاله الوطنية للضبط الببليوجرافي
رقم ضبط التسجيلة 013645419
المصدر Uk
020 ## - الرقم الدولى المعيارى للكتب
الرقم الدولى المعيارى للكتاب 9780521855655 (hbk.)
020 ## - الرقم الدولى المعيارى للكتب
الرقم الدولى المعيارى للكتاب 0521855659 (hbk.)
035 ## - رقم ضبط النظام
رقم ضبط النظام (OCoLC)ocm78989084
040 ## - مصدر الفهرسة
وكالة الفهرسة الأصلية UKM
وكالة النسخ UKM
وكالة التعديل BAKER
-- YDXCP
-- BTCTA
-- TXA
-- IXA
-- DLC
042 ## - رمز التحقق
رمز التحقق lccopycat
050 00 - رقم طلب مكتبة الكونجرس
رقم التصنيف QC611.8.N33
رقم المادة S77 2007
082 04 - رقم تصنيف ديوى العشرى
رقم التصنيف 620.11299
رقم الطبعة 22
245 00 - بيان العنوان
العنوان Structural nanocrystalline materials :
بقية العنوان fundamentals and applications /
بيان المسئوليه,etc Carl C. Koch ... [et al.].
260 ## - PUBLICATION, DISTRIBUTION, ETC. (IMPRINT)
مكان الناشر او الموزع Cambridge :
اسم الناشر او الموزع Cambridge University Press,
تاريخ النشر أو التوزيع 2007.
300 ## - الوصف المادى
التعداد xiii, 364 p. :
تفاصيل ماديه اخرى للوعاء ill. ;
أبعاد الوعاء 26 cm.
504 ## - تبصرة ببليوجرافية
تبصرة ببليوجرافية,الخ Includes bibliographical references and index.
650 #0 - المدخل الاضافى بالموضوع-مصطلح موضوعى
مصطلح موضوعي أو اسم جغرافي كعنصر مدخل Nanocrystals.
9 (RLIN) 13517
650 #0 - المدخل الاضافى بالموضوع-مصطلح موضوعى
مصطلح موضوعي أو اسم جغرافي كعنصر مدخل Building materials.
9 (RLIN) 11990
700 1# - المدخل الاضافى - اسم شخصى
الإسم الشخصى Koch, C. C.
9 (RLIN) 13518
856 42 - الوصول و الموقع الالكترونى
مواد محددة Contributor biographical information
معرف المصدر الموحد <a href="http://www.loc.gov/catdir/enhancements/fy0803/2007276521-b.html">http://www.loc.gov/catdir/enhancements/fy0803/2007276521-b.html</a>
856 42 - الوصول و الموقع الالكترونى
مواد محددة Publisher description
معرف المصدر الموحد <a href="http://www.loc.gov/catdir/enhancements/fy0803/2007276521-d.html">http://www.loc.gov/catdir/enhancements/fy0803/2007276521-d.html</a>
856 41 - الوصول و الموقع الالكترونى
مواد محددة Table of contents only
معرف المصدر الموحد <a href="http://www.loc.gov/catdir/enhancements/fy0803/2007276521-t.html">http://www.loc.gov/catdir/enhancements/fy0803/2007276521-t.html</a>
856 41 - الوصول و الموقع الالكترونى
مواد محددة Table of contents
معرف المصدر الموحد <a href="http://www.loc.gov/catdir/toc/fy0801/2007276521.html">http://www.loc.gov/catdir/toc/fy0801/2007276521.html</a>
942 ## - عناصر المدخل الإضافي( كوها)
مصدر التصنيف او مخطط الترفيف Dewey Decimal Classification
Koha [default] item type كتاب
المقتنيات
حالة الفقد نموذج السعر الفعال حالة تلف ليس للاعارة رقم الطلب تاريخ الاكتساب الموقع الحالي الباركود الفرع الرئيسي Date last seen نوع المادة فى نظام كوها مصدر التصنيف او خطة الترفيف Total Checkouts
  2013-03-10     620.11299 S T N 2012-05-10 المكتبة المركزية بالمجمعة (CL) 00086095 المكتبة المركزية بالمجمعة (CL) 2013-03-10 كتاب Dewey Decimal Classification  
  2013-03-10     620.11299 S T N 2012-05-10 المكتبة المركزية بالمجمعة (CL) 00086096 المكتبة المركزية بالمجمعة (CL) 2013-03-10 كتاب Dewey Decimal Classification  
  2013-03-10     620.11299 S T N 2012-05-10 المكتبة المركزية بالمجمعة (CL) 00086097 المكتبة المركزية بالمجمعة (CL) 2013-03-10 كتاب Dewey Decimal Classification